Classical theory of algebraic numbers / (Record no. 29385)

000 -LEADER
fixed length control field 00571 a2200181 4500
020 ## - INTERNATIONAL STANDARD BOOK NUMBER
International Standard Book Number 0387950702
020 ## - INTERNATIONAL STANDARD BOOK NUMBER
International Standard Book Number 9780387950709
082 04 - DEWEY DECIMAL CLASSIFICATION NUMBER
Classification number 512.74
090 ## - LOCALLY ASSIGNED LC-TYPE CALL NUMBER (OCLC); LOCAL CALL NUMBER (RLIN)
-- 759
-- 759
100 1# - MAIN ENTRY--PERSONAL NAME
Personal name Ribenboim, Paulo.
245 10 - TITLE STATEMENT
Title Classical theory of algebraic numbers /
Statement of responsibility, etc. Paulo Ribenboim.
250 ## - EDITION STATEMENT
Edition statement 2nd ed.
260 ## - PUBLICATION, DISTRIBUTION, ETC.
Place of publication, distribution, etc. [S.l.] :
Name of publisher, distributor, etc. Springer,
Date of publication, distribution, etc. 2001.
300 ## - PHYSICAL DESCRIPTION
Extent 712 p. ;
Dimensions 24 cm.
700 ## - ADDED ENTRY--PERSONAL NAME
Personal name Ribenboim, Paulo.
942 ## - ADDED ENTRY ELEMENTS (KOHA)
Institution code [OBSOLETE] SNS
Koha item type Book
Call number prefix 512.74 RIB
Holdings
Withdrawn status Lost status Damaged status Not for loan Permanent Location Current Location Date acquired Total Checkouts Full call number Barcode Date last seen Price effective from Koha item type
        School of Natural Sciences (SNS) School of Natural Sciences (SNS) 05/26/2016   512.74 RIB SNS0000925 05/26/2016 05/26/2016 Book
© 2023 Central Library, National University of Sciences and Technology. All Rights Reserved.